| 000 | 00581nam a2200169Ia 4500 | ||
|---|---|---|---|
| 003 | LK-CoDNM | ||
| 008 | 010623t2000 xxu||||| |||| 00| 1 eng d | ||
| 040 |
_aLK-CoDNM _dLK-CoDNM _eLK-CoDNM |
||
| 041 | _aeng | ||
| 080 |
_a33 _bPUN |
||
| 100 | _aPunchihewa, Gamini se S.g. | ||
| 245 | _aThe Great Sandy River of History and Legend : Introducing the History, Legend, tank civilization, the Vedhas, Elephants and adventure around the Mahaweli Basin | ||
| 260 |
_bSarvodya Vishva Lekha Publications _a Ratmalana _c2000 |
||
| 300 | _b268p, 21 cm | ||
| 650 | _aHistory | ||
| 942 | _cBK | ||
| 999 |
_c120150 _d120150 |
||